000 01247nam a22002657a 4500
999 _c22345
_d22345
003 AR-CdUCM
008 190429b ||||| |||| 00| 0 spa d
040 _aMUNICIPALIDAD PROVINCIAL DEL CUSCO
_cBIBLIOTECA MUNICIPAL DEL CUSCO
082 _aOpciones/N°5/1995
245 _aOpciones :
_brevista de análisis debate y alternativas a los problemas regionales en medio ambiente y desarrollo /
_cUniversidad Nacional de San Antonio Abad del Cusco
260 _aCusco.
_bAlpha,
_c1995.
300 _a62 páginas. :
_c28 cm.
440 _aOpciones.
_nAño II, número V, diciembre 1995.
_947894
505 _aContenido: Crecimiento de la población y repercusión ambiental. -- Población medio ambiente y desarrollo social en las conferencias del Cairo. -- La tercera edad sector más olvidado de la sociedad. -- Medio Ambiente población salud. -- Ganadería de llamas y alpacas en peligro. ...
650 _aEcología
_94960
650 _aBiodiversidad
_919327
650 _aMedio Ambiente
_947890
650 _aGanadería
_9321
650 _aDesarrollo rural
_94384
700 _aCornejo, Rina
_947895
700 _aGil Mora, Eduardo
_946972
710 _aInstituto Andino de Ecología y Desarrollo
_947891
942 _2ddc
_cPP
945 _arac